000 00840nam a2200229 i 4500
001 97220
003 ES-MaACL
005 20231228062653.0
007 t|
008 050708s1949 sp f |||| | spa d
080 _a616.455-008.64
100 1 _aMarañón, Gregorio,
_d1887-1960
_976311
245 1 3 _aLa enfermedad de Addison
_b: (estudio de 400 casos) /
_cpor Gregorio Marañón y J. Fernández Noguera.
260 _aMadrid :
_bEspasa-Calpe,
_c1949.
300 _a212 p., lám. 1-28 ;
_c21 cm.
594 _aPrecede al tít.: Cátedra de Endocrinología de la Universidad de Madrid. Instituto de Patología Médica del Hospital Provincial (Madrid)
650 4 _aEnfermedad de Addison.
_9166409
700 1 _aFernández Noguera, Jesús.
_949957
852 _aES-MaACL
_jD-1184
852 _aES-MaACL
_jD-5620
999 _c97220
_d97220